| 000 | 01186nam a2200217Ia 4500 | ||
|---|---|---|---|
| 003 | Ost | ||
| 005 | 20260507075543.0 | ||
| 008 | 260507s9999||||xx |||||||||||||| ||und|| | ||
| 040 | _cfsecg | ||
| 041 | _aara | ||
| 082 | _a658.5 | ||
| 100 |
_aالخولاني، محمد محمد محمد _eمؤلف |
||
| 245 | 0 |
_aإدارة النشاط الانتاجي و العمليات : _bمدخل التحليل الكمي / _c محمد محمد محمد الخولاني |
|
| 260 |
_aالاسكندرية: _bدار الوفاء لدنيا الطباعة, _c2007 |
||
| 300 |
_a307 صفحة؛ _bإيضاحات ؛ _c24 سم |
||
| 504 | _aبيبليوغرافيا: ص ص.305-307 | ||
| 520 | _aيضم مفهوم وظيفة إدارة النشاط الإنتاجي والعمليات، الجوانب التنظيمية لإدارة الإنتاج والإنتاجية، مداخل دراسة النشاط الإنتاجي، اختيار الموقع، تصميم الخط الإنتاجي من خلال أمثلة محلولة، التنبؤ، جدولة العمليات، إدارة الجودة | ||
| 653 | _aإدارة الإنتاج | ||
| 653 | _aضبط الجودة | ||
| 942 | _cكتاب | ||
| 999 |
_c44877 _d44877 |
||